000 00463 a2200145 4500
001 ART_10075
005 20260410161612.0
008 260409a
245 1 0 _aInnovación disruptiva para el cambio social
100 1 _aChristensen, Clayton M.
700 1 _aBaumann, Heiner
700 1 _aRuggles, Rudy
700 1 _aSadtler, Thomas M.
773 0 _tHarvard Business Review
_gLiberar un gran desempeño - Vol. 84, Nº 12 (dic. 2006)
_wREV340
999 _c10750
_d10750